The tariff and the list of the imports-exports (The latest document coming into effect since August 1, 1998)

The book includes the latest regulation by the government and the ministry of finance on the imports-exports in the year of 1998. It also includes some actes promulgated in recent years which are relevant to the latest documents

Na minha lista:
Detalhes bibliográficos
Formato: Livro
Idioma:Undetermined
Publicado em: Hà Nội Statistics 1997
Assuntos:
Tags: Adicionar Tag
Sem tags, seja o primeiro a adicionar uma tag!
Thư viện lưu trữ: Trung tâm Học liệu Trường Đại học Cần Thơ
LEADER 00803nam a2200181Ia 4500
001 CTU_28875
008 210402s9999 xx 000 0 und d
020 |b 130.000đ 
082 |a 330.9597021 
082 |b T186 
245 4 |a The tariff and the list of the imports-exports (The latest document coming into effect since August 1, 1998) 
260 |a Hà Nội 
260 |b Statistics 
260 |c 1997 
520 |a The book includes the latest regulation by the government and the ministry of finance on the imports-exports in the year of 1998. It also includes some actes promulgated in recent years which are relevant to the latest documents 
650 |a vietnam - economic conditions - statistical methods 
904 |i Minh, 990306 
980 |a Trung tâm Học liệu Trường Đại học Cần Thơ